Music Quiz

Random Music or Bands Quiz

Three word band names Quiz Stats

 Plays Quiz not verified by Sporcle

Challenge
Share
Tweet
Score 0/50 Timer 10:00
0 Plays Today
% Correct
Guns
95.1%
Goo
94.9%
Nine
94%
Creedence
93.6%
Alice
93.2%
My
92.8%
Black
92.8%
Kings
92.2%
Blue
89.2%
Dave
88.8%
Yeah
88.8%
Tears
88.6%
Salt
88.6%
Electric
88.1%
Boyz
88.1%
Stone
87.2%
Crash
85.7%
Pet
85.2%
All
84.5%
Flock
84.3%
Third
83.4%
Dexy's
82.9%
Alien
81.7%
Bachman
80.9%
Right
79.9%
% Correct
Fine
78.9%
Men
78.9%
Faith
78.6%
Grand
78.1%
Jimmy
77.9%
Bay
77.8%
Men
75.2%
Three
73.4%
Color
72.4%
Lamb
71.3%
Ben
71%
Naughty
70.3%
Mighty
69.6%
Los
68.2%
Three
67.7%
Mott
67.5%
Better
67%
De
65.5%
Porno
65.3%
Taking
65%
Ugly
61.2%
Manic
60.6%
Johnny
56.6%
Ned's
47.6%
Thousand
39.6%

You're not logged in!

Compare scores with friends on all Sporcle quizzes.
Join for Free
OR
Log In

You Might Also Like...

Show Comments

Extras

Curator's Pick Jun 29, 2014ReportNominate
Tags:Bands Quiz, Clickable Quiz, 3-word, Band Name

Top Quizzes Today


Score Distribution

Your Account Isn't Verified!

In order to create a playlist on Sporcle, you need to verify the email address you used during registration. Go to your Sporcle Settings to finish the process.

Report this User

Report this user for behavior that violates our Community Guidelines.

Details: